| Tag |
First Indicator |
Second Indicator |
Subfields |
| LEADER |
00000cam a2200000 i 4500 |
| 001 |
in00005755821 |
| 005 |
20260326210119.0 |
| 006 |
m o d |
| 007 |
cr cnu---unuuu |
| 008 |
140904t20142015enk ob 001 0 eng d |
| 040 |
|
|
|a OPELS
|b eng
|e rda
|e pn
|c OPELS
|d IDEBK
|d CDX
|d UKMGB
|d COO
|d OCLCF
|d OCLCQ
|d E7B
|d EBLCP
|d N$T
|d DEBSZ
|d OCLCQ
|d U3W
|d D6H
|d OTZ
|d AUD
|d OCLCQ
|d S2H
|d OCLCO
|d OCLCQ
|d OCLCO
|d OCLCQ
|d OCLCO
|d OCLCL
|d SXB
|d OCLCQ
|d OCLCO
|d OCLCL
|d OCLCQ
|
| 016 |
7 |
|
|a 016868876
|2 Uk
|
| 016 |
7 |
|
|a 016887257
|2 Uk
|
| 019 |
|
|
|a 889675345
|a 891383808
|a 990676338
|
| 020 |
|
|
|a 012801525X
|
| 020 |
|
|
|a 9780128015254
|
| 020 |
|
|
|a 9780128017678
|q (e-book)
|
| 020 |
|
|
|a 0128017678
|q (e-book)
|
| 020 |
|
|
|a 9781322078694
|q (MyiLibrary)
|
| 020 |
|
|
|a 1322078696
|q (MyiLibrary)
|
| 020 |
|
|
|z 9780128015254
|
| 035 |
|
|
|a (OCoLC)889953430
|z (OCoLC)889675345
|z (OCoLC)891383808
|z (OCoLC)990676338
|
| 050 |
|
4 |
|a TA670
|b .B76 2015
|
| 072 |
|
7 |
|a TEC
|x 009020
|2 bisacsh
|
| 072 |
|
7 |
|a TEC
|x 005000
|2 bisacsh
|
| 082 |
0 |
4 |
|a 624.1/83
|2 23
|
| 049 |
|
|
|a TXAM
|
| 100 |
1 |
|
|a Brooks, J. J.,
|e author.
|1 https://id.oclc.org/worldcat/entity/E39PCjC9bB6rCp87M98h7FVdXq
|
| 245 |
1 |
0 |
|a Concrete and masonry movements /
|c J.J. Brooks.
|
| 264 |
|
1 |
|a Oxford, UK :
|b Butterworth-Heinemann,
|c [2014]
|
| 264 |
|
4 |
|c ©2015
|
| 300 |
|
|
|a 1 online resource
|
| 336 |
|
|
|a text
|b txt
|2 rdacontent
|
| 337 |
|
|
|a computer
|b c
|2 rdamedia
|
| 338 |
|
|
|a online resource
|b cr
|2 rdacarrier
|
| 504 |
|
|
|a Includes bibliographical references and indexes.
|
| 588 |
0 |
|
|a Print version record.
|
| 505 |
0 |
|
|a Front Cover; Concrete and Masonry Movements; Copyright; Contents; Preface; Acknowledgments; 1 -- Introduction; 2 -- Classification of Movements; Definition of Terms Used; References; 3 -- Composite Models; Concrete Models; Masonry Models; Summary; References; Chapter 4 -- Elasticity of Concrete; Stress-Strain Behaviour; Static Modulus of Elasticity; Dynamic Modulus of Elasticity; Relationship of Modulus of Elasticity with Strength; Poisson''s Ratio; References; 5 -- Elasticity of Masonry; Stress-Strain Behaviour; Poisson''s Ratio; Geometry of Cross-Section; Type of Mortar.
|
| 505 |
8 |
|
|a Type of Unit and AnisotropyUnit/Mortar Interaction; Age; Prediction of Modulus of Elasticity of Masonry; Summary; References; Chapter 6 -- Shrinkage of Concrete; Plastic Shrinkage; Swelling/Expansion; Carbonation Shrinkage; Drying Shrinkage; Shrinkage-Compensating Concrete; Autogenous Shrinkage; References; 7 -- Shrinkage of Calcium Silicate and Concrete Masonry; Type of Mortar; Type of Unit; Unit Moisture State and Absorption; Geometry of Cross-Section; Anisotropy; Prediction of Shrinkage; Concluding Remarks; References; 8 -- Moisture Movement of Clay Brick Masonry.
|
| 505 |
8 |
|
|a Irreversible Moisture Expansion of Clay UnitsClay Brickwork; Composite Model Prediction; Design Code Guidelines; Concluding Remarks; References; 9 -- Enlarged Moisture Expansion due to Cryptoflorescence; Nature of Florescence; Hydration of Cement and Moisture Transfer Across the Brick/Mortar Interface; Factors Influencing Enlarged Expansion; Summary of Cryptoflorescence Mechanism; In-Plane Restraint; Quantification of Creep; Concluding Remarks; References; 10 -- Creep of Concrete; Categories of Creep; Factors Influencing Creep in Compression; Creep Recovery; Creep Poisson''s Ratio.
|
| 505 |
8 |
|
|a Tensile CreepCyclic Creep; Other Types of Load; References; 11 -- Methods of Predicting Elasticity, Shrinkage, and Creep of Concrete; Standard Methods of Prediction from Strength, Mix Composition, and Physical Conditions; Prediction Using Short-term Test Data; Case Study; References; 12 -- Creep of Masonry; Historical Background; Influencing Factors; Creep and Cryptoflorescence; Prediction of Creep; Summary; References; 13 -- Thermal Movement; Concrete; Masonry; References; 14 -- Effects of Movements, Restraint and Movement Joints; Effects of Movements; Restraint and Cracking; Movement Joints.
|
| 520 |
|
|
|a Widely used in the construction of bridges, dams and pavements, concrete and masonry are two of the world's most utilized construction materials. However, many engineers lack a proper understanding of the methods for predicting and mitigating their movements within a structure. Concrete and Masonry Movements provides practical methods for predicting and preventing movement in concrete and masonry, saving time and money in retrofitting and repair cost. With this book in hand, engineers will discover new prediction models for masonry such as: irreversible moisture expansion of clay bricks, elas.
|
| 650 |
|
0 |
|a Masonry.
|
| 650 |
|
0 |
|a Concrete
|x Creep.
|
| 650 |
|
0 |
|a Earth movements and building.
|
| 650 |
|
6 |
|a Maçonnerie.
|
| 650 |
|
6 |
|a Béton
|x Fluage.
|
| 650 |
|
6 |
|a Sol, Mouvements du, et construction.
|
| 650 |
|
7 |
|a masonry (building materials)
|2 aat
|
| 650 |
|
7 |
|a TECHNOLOGY & ENGINEERING
|x Civil
|x General.
|2 bisacsh
|
| 650 |
|
7 |
|a TECHNOLOGY & ENGINEERING
|x Construction
|x General.
|2 bisacsh
|
| 650 |
|
7 |
|a Concrete
|x Creep
|2 fast
|
| 650 |
|
7 |
|a Earth movements and building
|2 fast
|
| 650 |
|
7 |
|a Masonry
|2 fast
|
| 655 |
|
7 |
|a Electronic books.
|2 local
|
| 710 |
2 |
|
|a ScienceDirect (Online service)
|
| 758 |
|
|
|i has work:
|a Concrete and masonry movements (Text)
|1 https://id.oclc.org/worldcat/entity/E39PCFxB3wXMwFvRGWbpKyVYGd
|4 https://id.oclc.org/worldcat/ontology/hasWork
|
| 776 |
0 |
8 |
|i Print version:
|a Brooks, J.J.
|t Concrete and masonry movements
|z 9780128015254
|w (DLC) 2014023532
|w (OCoLC)881592300
|
| 856 |
4 |
0 |
|u http://proxy.library.tamu.edu/login?url=https://www.sciencedirect.com/science/book/9780128015254
|z Connect to the full text of this electronic book
|t 0
|
| 955 |
|
|
|a Elsevier ScienceDirect 2026-2027
|
| 994 |
|
|
|a 92
|b TXA
|
| 999 |
f |
f |
|i 35a05ade-4178-4c65-a172-29ae6272fccc
|s 7506c8db-1a76-4a87-a314-17859d5701d1
|t 0
|
| 952 |
f |
f |
|a Texas A&M University
|b College Station
|c Electronic Resources
|s www_evans
|d Available Online
|t 0
|e TA670 .B76 2015
|h Library of Congress classification
|
| 998 |
f |
f |
|a TA670 .B76 2015
|t 0
|l Available Online
|